Transformační proces čs. ekonomiky a adaptace podnikové sféry. 3.

Kvalitatívne ukazovatele práce podnikov: produktivita práce z hodnoty pridanej spracovaním, produktivita práce v reťazi zhodnocovacieho procesu, vzťah rastu produktivity práce a exportu, vzťah produktivity práce a zisku, relácia zisku k aktívam a štruktúra aktív a pasív. Ocenenie súčasnej a budúcej...

ver descrição completa

Na minha lista:
Detalhes bibliográficos
Autor principal: Zima, Z.
Formato: Capítulo de Livro
Idioma:tcheco
Assuntos:
Tags: Adicionar Tag
Sem tags, seja o primeiro a adicionar uma tag!

MARC

LEADER 00000naa a2200000 4500
001 r007328
005 20221125080720.2
041 0 |a cze 
044 |a [CS] 
245 1 0 |a Transformační proces čs. ekonomiky a adaptace podnikové sféry. 3.  |c Z. Zima 
520 |a Kvalitatívne ukazovatele práce podnikov: produktivita práce z hodnoty pridanej spracovaním, produktivita práce v reťazi zhodnocovacieho procesu, vzťah rastu produktivity práce a exportu, vzťah produktivity práce a zisku, relácia zisku k aktívam a štruktúra aktív a pasív. Ocenenie súčasnej a budúcej rentability podnikov a vypracovanie dlhodobej stratégie podniku. 
610 2 0 |a podnik 
610 2 0 |a stratégia podniková 
610 2 0 |a rentabilita podniku 
610 2 0 |a produktivita práce 
610 2 0 |a zisk podnikový 
610 2 0 |a vývoz 
610 2 0 |a hodnota pridaná spracovaním 
610 2 0 |a aktíva 
610 2 0 |a pasíva 
100 1 |a Zima, Z.